The Magic School Bus Arctic Adventure / (Record no. 799)

MARC details
000 -LEADER
fixed length control field 00956nam a22002537a 4500
005 - DATE AND TIME OF LATEST TRANSACTION
control field 20230710095334.0
020 ## - INTERNATIONAL STANDARD BOOK NUMBER
International Standard Book Number 078073003990
040 ## - CATALOGING SOURCE
Original cataloging agency FISKH
Language of cataloging eng
Transcribing agency FISKH
Modifying agency FISKH
082 ## - DEWEY DECIMAL CLASSIFICATION NUMBER
Classification number 998
100 ## - MAIN ENTRY--PERSONAL NAME
Personal name Herman, Gail
245 ## - TITLE STATEMENT
Title The Magic School Bus Arctic Adventure /
Statement of responsibility, etc. by Herman, Gail ; illustrated by Bracken, Carolyn .
250 ## - EDITION STATEMENT
Edition statement First printing, November 2004
260 ## - PUBLICATION, DISTRIBUTION, ETC.
Place of publication, distribution, etc. New York :
Name of publisher, distributor, etc. Scholastic,
Date of publication, distribution, etc. 2004.
300 ## - PHYSICAL DESCRIPTION
Extent 30 unnumbered pages:
Other physical details color illustrations,
Dimensions 23 cm.
505 ## - FORMATTED CONTENTS NOTE
Formatted contents note J <br/>
520 ## - SUMMARY, ETC.
Summary, etc. Ms. Frizzle's class is going to the top of the world! They want to see the different animals. But when the arrive, they get a big surprise.
521 ## - TARGET AUDIENCE NOTE
Target audience note 440 <br/>
Source Lexile <br/>
521 ## - TARGET AUDIENCE NOTE
Target audience note J <br/>
Source Raz-Plus <br/>
650 ## - SUBJECT ADDED ENTRY--TOPICAL TERM
Topical term or geographic name entry element Arctic regions -
Form subdivision Juvenile literature
General subdivision Arctic regions.
650 ## - SUBJECT ADDED ENTRY--TOPICAL TERM
Topical term or geographic name entry element Arctic regions -
Form subdivision Juvenile literature
General subdivision Arctic regions.
942 ## - ADDED ENTRY ELEMENTS (KOHA)
Source of classification or shelving scheme Dewey Decimal Classification
Koha item type Books
Suppress in OPAC No
999 ## -
-- 799
-- 799
Holdings
Withdrawn status Lost status Source of classification or shelving scheme Damaged status Not for loan Collection Home library Current library Shelving location Date acquired Total Checkouts Full call number Barcode Date last seen Date last checked out Price effective from Koha item type
    Dewey Decimal Classification     Non-Fiction Footprints International School Library Network Toul Kork Campus Footprints International School Library Network Toul Kork Campus TK Primary Library Room(4th Floor), Bookcase 1&2, Shelves 1-16, Dark Blue Books 07/10/2023 3 HER 998 FISBK02751 03/05/2025 02/26/2025 07/10/2023 Books